| 000 | 00838nam a2200253Ia 4500 | ||
|---|---|---|---|
| 003 | OSt | ||
| 005 | 20220923212537.0 | ||
| 006 | a|||||r|||| 00| 0 | ||
| 007 | ta | ||
| 008 | 220922b |||||||| |||| 00| 0 hin d | ||
| 024 | _a153,942 | ||
| 037 | _cTextual | ||
| 040 |
_aARTS _cARTS _bhin |
||
| 041 |
_2hin _ahin |
||
| 082 | _aO152vN5, H2;J8 | ||
| 100 | _aशुक्ल, रामचन्द्र | ||
| 245 | 0 | _aहिन्दी साहित्य का इतिहास | |
| 246 | _aHindī sāhitya kā itihāsa | ||
| 260 | _c1958 | ||
| 490 | _aनागरीप्रचारिणी ग्रंथमाला; 55 | ||
| 650 |
_aहिन्दी साहित्य _9156264 |
||
| 942 |
_hO152vN5, H2;J8 _cTEXL _2CC |
||
| 999 |
_c309570 _d309570 |
||